000 00500nam a2200169 i 4500
001 46439
003 ES-MaACL
005 20230906161401.0
007 t|
008 030328s1984 sp ||||1| spa d
020 _a84-309-1023-9
245 0 0 _aComentarios a las reformas del derecho de familia /
_cManuel Amorós Guardiola ... [et al.].
260 _aMadrid :
_bTecnos,
_c1984.
300 _a2 v. ;
_c25 cm.
700 1 _aAmorós Guardiola, Manuel.
_921320
852 _aES-MaACL
_jB-101-2
_bR.114181
999 _c46439
_d46439